1196 1528 1774 1035 1689 1002 1950 1428 1467 1956 1320 1862 1582 1674 1513 1285 1541 1646 1183 1045 1698 1764 1538 1916 1940 1178 1627 1754 1127 1659 1422 1350 1758 1278 1678 1813 1371 1023 1768 1914 1810 1968 1131 1647 1148 1900 1250 1534 1246 1950 1135 1301 1338 1416 1263 1813 1422 1510 1501 1813 1462 1220 1963 1721 1567 1133 1432 1209 1759 1876 1956 1095 1469 1932 1763 1620 1456 1938 1595 1627 1327 1865 1195 1530 1701 1976 1094 1033 1676 1533 1709 1663 1993 1584 1258 1751 1972 1345 1690 BCNSPRNW ULIB Ver.6.0+V

เปลี่ยนเป็นภาษาไทย

Change to English
 แสดงรายละเอียดบรรณานุกรม
  กลับหน้าหลัก

Brief Record : Get Marc (ISO 2709) : E-mail record : QR code < ปิดหน้าต่าง
LEADER : 00000nam 2200000uu 4500
001    13399125698
003     ULIB
008    170716s2558||||th 000 0 tha d
020    ^a9786169230144
060  0 ^aWB395^bก753ก
100 0  ^aเกรซ ล้อบุณยารักษ์
245 00 ^aกินกันตาย /^cเกรซ ล้อบุณยารักษ์
250    ^aพิมพ์ครั้งที่ 2
260    ^aกรุงเทพฯ :^bอุ๊คบี จำกัด,^c2558
300    ^a120 หน้า :^bภาพประกอบ(สี) ;^c21 ซม.
650  0 ^aอาหาร^xการกิน
945    ^p189^l0^i25270
999    ^aกัณชพร จุลอักษร
รายการนี้ยังไม่มีแท็ก
คุณยังไม่ได้ล็อกอิน คุณสามารถมีกิจกรรมร่วมกับเว็บไซต์ได้ แต่ต้องล็อกอินก่อน ::
  ล็อกอิน

รายการสื่อสารสนเทศ

ลำดับที่ ประเภท เลขเรียก/บาร์โค้ด สถานที่ สถานะ
1. วิทยาศาสตร์การแพทย์ และสุขภาพ
วิทยาศาสตร์การแพทย์ และสุขภาพ
WB395 ก753ก ฉ.1 
  Barcode: 25270
ห้องสมุดวิทยาเขตนครสวรรค์
►ส่วนจัดเก็บหนังสือเก่า นว.
บนชั้น
  ขอยืม

รายการใกล้เคียง
    ผู้แต่ง [เกรซ ล้อบุณยารักษ์]

BibComment


ยังไม่เคยถูกคอมเมนท์

คอมเมนท์ทรัพยากรรายการนี้
  คอมเมนท์: กินกันตาย เกรซ ..


 Copyright 2026. Bcnsprnw @Library